000 00885cam a2200241 a 4500
001 000018370
005 20200929165458.0
008 850116s1983 cu ac 001 pbspa d
040 _aDO-SdBNP
_bspa
_cDLC
_dBNPHU
082 _a920.5
_bT695c
100 1 _aCasaus, Víctor,
_d1944-
_939780
245 1 0 _aPablo :
_bcon el filo de la hoja /
_cVíctor Casaus ; edición Miguel Barnet ; corrección Bertha Hernández López.
260 _aLa Habana, Cuba :
_bUnión de Escritores y Artistas de Cuba,
_c1983.
300 _a235 p. :
_bil., retrs. ;
_c23 cm.
490 1 _aGirón
600 1 4 _aTORRIENTE BRAU, PABLO DE LA,
_d1901-1936.
_939781
650 4 _aAutores cubanos
_ySIGLO XX
_xBiografía
_939782
650 4 _aRevoluciones
_zCuba
_xBiografía
_939783
700 1 _aBarnet, Miguel
_eed.
_939784
830 0 _aGirón ;
_939785
910 _aCatalogación por derivada / LC
049 _aBNGR
999 _c17891
_d17891